| Tag |
First Indicator |
Second Indicator |
Subfields |
| LEADER |
00000cam a22000008a 4500 |
| 001 |
in00000090236 |
| 005 |
20151008065640.0 |
| 008 |
810430s1981 nyu i 00010 eng |
| 010 |
|
|
|a 81047287
|
| 020 |
|
|
|a 0824093402 :
|c $45.00
|
| 035 |
|
|
|a (OCoLC)07554792
|
| 035 |
|
|
|9 AAK6324AM
|
| 039 |
0 |
|
|a 2
|b 3
|c 3
|d 3
|e 3
|
| 040 |
|
|
|a DLC
|c DLC
|d TXA
|d UtOrBLW
|
| 049 |
|
|
|a TXAM
|c [388682]
|
| 050 |
0 |
0 |
|a PR6005 O4
|b S4729 1981
|
| 082 |
0 |
|
|a 823/.912
|2 19
|
| 100 |
1 |
|
|a Bender, Todd K.
|
| 245 |
1 |
2 |
|a A concordance to Conrad's A set of six /
|c Todd K. Bender.
|
| 263 |
|
|
|a 8106
|
| 264 |
|
1 |
|a New York :
|b Garland Pub.,
|c 1981.
|
| 300 |
|
|
|a ix, 211 pages ;
|c 29 cm.
|
| 336 |
|
|
|a text
|b txt
|2 rdacontent
|
| 337 |
|
|
|a unmediated
|b n
|2 rdamedia
|
| 338 |
|
|
|a volume
|b nc
|2 rdacarrier
|
| 490 |
1 |
|
|a Garland reference library of the humanities ;
|v v. 291
|
| 600 |
1 |
0 |
|a Conrad, Joseph,
|d 1857-1924.
|t Set of six
|x Concordances.
|
| 700 |
1 |
|
|a Conrad, Joseph,
|d 1857-1924.
|t Set of six.
|
| 830 |
|
0 |
|a Garland reference library of the humanities ;
|v v. 291.
|
| 999 |
|
|
|a MARS
|
| 999 |
f |
f |
|s b5ef2e3f-5a3d-3502-aa85-961077e03b83
|i a5079211-ae3c-3f77-a2ce-8dec0ee0deb4
|t 0
|
| 952 |
f |
f |
|p ric
|a Texas A&M University
|b Rellis Campus
|c Joint Library Facility
|d Remote Storage
|t 0
|e PR6005 O4 S4729 1981
|h Library of Congress classification
|i unmediated -- volume
|m A14806003037
|
| 998 |
f |
f |
|a PR6005 O4 S4729 1981
|t 0
|l Remote Storage
|